000 00417nam a2200181Ia 4500
001 15579
005 20260306170206.0
008 260306t2002||||xx |||||||||||||| ||und||
041 _aESP
082 _a547
_bS66
100 _aSolomons, T. W. Graham
_eAUT
245 0 _aQuímica orgánica
260 _c2002
300 _a1492 páginas :
_c26 cm.
650 _aGEN
654 _aCCN
942 _cLIB
_dJUS
_fJUS
_2ddc
_n
999 _c15579
_d15579